| 000 | 00353nam a2200109Ia 4500 | ||
|---|---|---|---|
| 008 | 171211s9999 xx 000 0 und d | ||
| 245 | _aEssentials of Business Law and the Legal Environment, 12th Edition | ||
| 245 | _cBarry S. Roberts and Richard A. Mann | ||
| 260 | _c2015 | ||
| 650 | _xECONOMICS | ||
| 856 | _uhttp://down.ebook777.com/063/1305075439.pdf | ||
| 999 |
_c349567 _d349567 |
||